Wittgenstein

Sparad:
Bibliografiska uppgifter
Huvudupphovsman: Pears, David (autor)
Materialtyp: Bok
Språk:spanska
Publicerad: Barcelona Grijalbo 1973
Serie:Maestros del Pensamiento Contemporáneo, 5
Ämnen:
Taggar: Lägg till en tagg
Inga taggar, Lägg till första taggen!

MARC

LEADER 00000nam a2200000 a 4500
001 UCL2863
003 CL-VaPUC
008 031107e19730000SP |||||||||||||||||spa|d
082 0 4 |a 149.94  |b PEA  |2 21 
100 |a Pears, David  |e autor  |9 480009 
245 1 0 |a Wittgenstein 
300 |a 315 p 
942 |c BK 
945 |d 20031107 00:00:00  |a cmena 
260 |a Barcelona  |b Grijalbo  |c 1973 
600 0 7 |a WITTGENSTEIN, LUDWIG  |2 CL-VaPUC  |9 257080 
650 0 |a Filosofía del lenguaje  |9 257082 
650 0 |a Lógica  |9 256849 
650 0 |a Filosofía austriaca   |9 267034 
583 |a last modification  |c 20031107 00:00:00  |k Rodrigo Vera 
490 0 |a Maestros del Pensamiento Contemporáneo, 5 
999 |c 306038  |d 306036 
952 |0 0  |1 0  |2 ddc  |4 0  |6 149_940000000000000_PEA_1973  |7 0  |8 A  |9 370716  |a BIBDER  |b BIBDER  |d 2019-11-21  |i 3919307  |o 149.94 PEA 1973  |p 3919307  |r 2023-01-25  |w 2019-11-21  |y BK  |k DER